[Event "DEN-ch Seniors 65"]
[Site "Logumkloster"]
[Date "2020.02.15"]
[Round "7"]
[White "Jensen, Jens Peter"]
[Black "Jorgensen, Orla Eilegaard"]
[Result "0-1"]
[WhiteElo "1424"]
[BlackElo "1586"]
[PlyCount "88"]
[EventDate "2020.02.09"]
[EventType "swiss"]
[EventRounds "7"]
[EventCountry "DEN"]
[SourceTitle "EXT 2021"]
[Source "ChessBase"]
[SourceDate "2020.10.23"]
[SourceVersion "1"]
[SourceVersionDate "2020.10.23"]
[SourceQuality "1"]

1. e4 b6 2. d3 Bb7 3. Nf3 e6 4. Nc3 Nc6 5. a3 g6 6. Be2 Bg7 7. Bd2 Nge7 8. 0-0 0-0 9. Qc1 Re8 10. Bh6 Bh8 11. Qd2 d5 12. exd5 exd5 13. d4 Nf5 14. Bg5 f6 15. Be3 Nxe3 16. fxe3 Qe7 17. Nxd5 Qd6 18. c4 Na5 19. b4 Nb3 20. Qa2 Nxa1 21. Rxa1 Bxd5 22. cxd5 Rxe3 23. Bb5 f5 24. Qd2 Rxf3 25. Bc6 Rf4 26. Rd1 Rxd4 27. Qe2 Rxd1+ 28. Qxd1 Rf8 29. Qe2 Qe5 30. Qf1 Qd4+ 31. Kh1 Be5 32. b5 Qf4 33. Qxf4 Bxf4 34. a4 Rf7 35. g3 Bd6 36. Kg2 Re7 37. Kf3 Re4 38. Bd7 Rxa4 39. Be6+ Kg7 40. Kg2 a6 41. bxa6 Rxa6 42. Bc8 Ra2+ 43. Kh3 b5 44. Bb7 b4 0-1

[Event "DEN-ch Seniors 65"]
[Site "Logumkloster"]
[Date "2020.02.11"]
[Round "3"]
[White "Kristoffersen, John"]
[Black "Jensen, Jens Peter"]
[Result "1-0"]
[WhiteElo "1668"]
[BlackElo "1424"]
[PlyCount "75"]
[EventDate "2020.02.09"]
[EventType "swiss"]
[EventRounds "7"]
[EventCountry "DEN"]
[SourceTitle "EXT 2021"]
[Source "ChessBase"]
[SourceDate "2020.10.23"]
[SourceVersion "1"]
[SourceVersionDate "2020.10.23"]
[SourceQuality "1"]

1. e4 e5 2. Nf3 d6 3. c3 Be7 4. d4 exd4 5. cxd4 Nf6 6. Nc3 0-0 7. Bd3 Nc6 8. a3 a6 9. h3 h6 10. 0-0 Bd7 11. Bc2 Nh7 12. Qd3 Ng5 13. Nxg5 Bxg5 14. f4 Bf6 15. e5 g6 16. exf6 Qxf6 17. Be3 d5 18. Rf3 Bf5 19. Qd2 Bxc2 20. Qxc2 Rad8 21. Rd1 Rfe8 22. Qd2 Na5 23. Qf2 Nc4 24. Bc1 c6 25. g4 Nd6 26. g5 hxg5 27. fxg5 Qg7 28. Bf4 Ne4 29. Nxe4 dxe4 30. Rb3 Re7 31. Rd2 Rd5 32. Be5 Qh7 33. Re2 Rdxe5 34. dxe5 Rxe5 35. Rxb7 Rxg5+ 36. Kh2 Rf5 37. Qd4 Qh4 38. Rb8+ 1-0

[Event "DEN-ch Seniors 65"]
[Site "Logumkloster"]
[Date "2020.02.09"]
[Round "1"]
[White "Jensen, Jens Peter"]
[Black "Rasmussen, Bjarne Meldgaard"]
[Result "0-1"]
[WhiteElo "1424"]
[BlackElo "1911"]
[PlyCount "56"]
[EventDate "2020.02.09"]
[EventType "swiss"]
[EventRounds "7"]
[EventCountry "DEN"]
[SourceTitle "EXT 2021"]
[Source "ChessBase"]
[SourceDate "2020.10.23"]
[SourceVersion "1"]
[SourceVersionDate "2020.10.23"]
[SourceQuality "1"]

1. e4 c5 2. Bc4 d6 3. Nc3 Nf6 4. d3 Nc6 5. a3 e6 6. Bd2 Be7 7. Nf3 a6 8. a4 b6 9. Qe2 Bb7 10. 0-0 0-0 11. e5 dxe5 12. Nxe5 Nd4 13. Qd1 Bd6 14. Bf4 Qc7 15. Re1 Rad8 16. Ba2 Rfe8 17. h3 Nd7 18. Qh5 g6 19. Qh6 Nf5 20. Qg5 Bxe5 21. Bxe5 Nxe5 22. Ne4 Nd7 23. Nf6+ Nxf6 24. Qxf6 Qe7 25. Qc3 Qg5 26. g3 Nxg3 27. Kh2 Ne2 28. Rg1 Qf4+ 0-1

[Event "Logumkloster op"]
[Site "Logumkloster"]
[Date "2019.04.23"]
[Round "3"]
[White "Jensen, Jens Peter"]
[Black "Beck, Kresten"]
[Result "0-1"]
[WhiteElo "1491"]
[BlackElo "1454"]
[PlyCount "106"]
[EventDate "2019.03.26"]
[EventType "swiss"]
[EventRounds "7"]
[EventCountry "DEN"]
[SourceTitle "EXT 2020"]
[Source "ChessBase"]
[SourceDate "2019.10.17"]
[SourceVersion "1"]
[SourceVersionDate "2019.10.17"]
[SourceQuality "1"]

1. e4 e5 2. Nf3 d6 3. Bc4 h6 4. d4 exd4 5. Nxd4 Nf6 6. Nc3 Bd7 7. 0-0 Nc6 8. Be3 Be7 9. f4 Nh7 10. a3 0-0 11. Bd5 Bf6 12. Nxc6 Bxc6 13. Bxc6 bxc6 14. Qd3 Re8 15. b4 Qd7 16. Bd4 Bxd4+ 17. Qxd4 a6 18. Rfe1 Rad8 19. Qa7 Ra8 20. Qd4 f6 21. Re3 Re7 22. Rg3 Rae8 23. Re1 Rf8 24. Qa7 Qc8 25. Ree3 Qa8 26. Qd4 Qd8 27. Rg6 Ref7 28. Reg3 Kh8 29. Qc4 Qa8 30. Ne2 Qe8 31. Re3 Re7 32. Rg4 d5 33. Qd4 dxe4 34. Ng3 Rd7 35. Qxe4 Qxe4 36. Nxe4 f5 37. Nc5 Rd1+ 38. Kf2 fxg4 39. Nxa6 Rd2+ 40. Kg3 Rxc2 41. Nxc7 Nf6 42. Ne6 Re8 43. f5 h5 44. Rd3 h4+ 45. Kxh4 Rxg2 46. Kg5 Rxh2 47. Nf4 Kg8 48. Ne6 Rh3 49. Rd8 Rxd8 50. Nxd8 Rxa3 51. Nxc6 g3 52. Ne7+ Kf7 53. Ng6 g2 0-1

[Event "Border op 9th"]
[Site "Niebuell,Leck,Tonder,Oster Ho"]
[Date "2018.10.19"]
[Round "2"]
[White "Langner, Michel"]
[Black "Jensen, Jens Peter"]
[Result "1-0"]
[WhiteElo "1798"]
[BlackElo "1469"]
[PlyCount "103"]
[EventDate "2018.09.24"]
[EventType "swiss"]
[EventRounds "9"]
[EventCountry "DEN"]
[SourceTitle "EXT 2020"]
[Source "ChessBase"]
[SourceDate "2019.10.17"]
[SourceVersion "1"]
[SourceVersionDate "2019.10.17"]
[SourceQuality "1"]

1. e4 e5 2. Nf3 d6 3. Nc3 c6 4. Bc4 Be7 5. d3 Nf6 6. h3 h6 7. Bd2 Nbd7 8. a3 a6 9. Qe2 b5 10. Ba2 0-0 11. Nd1 Nb6 12. Ba5 Be6 13. Ne3 Bxa2 14. Rxa2 Qb8 15. Nf5 Nc8 16. Nxe7+ Nxe7 17. Nh4 Qc8 18. 0-0 Qe6 19. Raa1 d5 20. f4 Qd6 21. Bb4 c5 22. fxe5 Qxe5 23. Nf3 Qc7 24. e5 Nh7 25. Bd2 Ng6 26. c3 Rfe8 27. d4 c4 28. Nh2 Re6 29. Qf3 Rd8 30. Qg4 Ngf8 31. h4 Rg6 32. Qf3 Qe7 33. h5 Ng5 34. Qf5 Re6 35. Bxg5 hxg5 36. Ng4 Nh7 37. Qc2 f6 38. Rf3 Qf7 39. Raf1 Rf8 40. Qf5 Rc6 41. Ne3 Re8 42. g4 Rd8 43. Qc2 Nf8 44. h6 Qg6 45. hxg7 Qxg7 46. Rxf6 Rxf6 47. Rxf6 Qh7 48. Qxh7+ Nxh7 49. Rxa6 Rf8 50. Nf5 Kf7 51. Ra7+ Kg8 52. Rb7 1-0

[Event "Grenzturnering-B 8th"]
[Site "Tonder,Logumkloster,Leck"]
[Date "2018.03.19"]
[Round "7"]
[White "Madsen, Nis H"]
[Black "Jensen, Jens Peter"]
[Result "1-0"]
[WhiteElo "1639"]
[BlackElo "1458"]
[PlyCount "83"]
[EventDate "2017.09.26"]
[EventType "tourn"]
[EventRounds "9"]
[EventCountry "DEN"]
[SourceTitle "EXT 2021"]
[Source "ChessBase"]
[SourceDate "2020.10.23"]
[SourceVersion "1"]
[SourceVersionDate "2020.10.23"]
[SourceQuality "1"]

1. d4 d5 2. g3 e6 3. Bf4 Bd6 4. Bg2 Bxf4 5. gxf4 Nf6 6. Nd2 Qd6 7. e3 Nc6 8. Ngf3 Qe7 9. Nb3 b6 10. Ne5 Bb7 11. a3 Nd7 12. Qg4 g6 13. Nxd7 Qxd7 14. h4 0-0-0 15. 0-0-0 Ne7 16. h5 Qd6 17. hxg6 Nxg6 18. f5 Ne7 19. fxe6 fxe6 20. Bh3 Nf5 21. Qh5 Rdf8 22. Bxf5 Rxf5 23. Qh4 Ba6 24. Nd2 h5 25. e4 Rf4 26. Qg5 Be2 27. e5 Qf8 28. Rde1 Rxf2 29. Qe3 Bg4 30. Ref1 Rxf1+ 31. Rxf1 Qe7 32. Rf6 Rf8 33. Qg5 Qe8 34. Qg7 Rg8 35. Qh7 Be2 36. Kb1 Rf8 37. Qh6 Rxf6 38. exf6 Kd8 39. Qg7 Bg4 40. f7 Qxf7 41. Qxf7 Kc8 42. Nf1 1-0

[Event "Grenzturnering 1617"]
[Site "Denmark"]
[Date "2017.01.24"]
[Round "5"]
[White "Jensen, Jens Peter"]
[Black "Jensen, Jakob Kamp"]
[Result "1/2-1/2"]
[WhiteElo "1325"]
[BlackElo "1842"]
[PlyCount "38"]
[EventDate "2016.09.27"]
[EventType "swiss"]
[EventRounds "9"]
[EventCountry "DEN"]
[SourceTitle "EXT 2023"]
[Source "ChessBase"]
[SourceDate "2022.10.05"]
[SourceVersion "1"]
[SourceVersionDate "2022.10.05"]
[SourceQuality "1"]

1. e4 c6 2. Nf3 d5 3. exd5 cxd5 4. Be2 Nf6 5. Nc3 Bf5 6. Bb5+ Nc6 7. 0-0 e6 8. Re1 Bd6 9. Nd4 0-0 10. Nxc6 bxc6 11. Bxc6 Rc8 12. Ba4 Bxh2+ 13. Kxh2 Ng4+ 14. Kg1 Qh4 15. Qf3 Qh2+ 16. Kf1 Qh5 17. Kg1 Qh2+ 18. Kf1 Qh5 19. Kg1 Qh2+ 1/2-1/2

[Event "Logumkloster-chB"]
[Site "Logumkloster"]
[Date "2016.05.17"]
[Round "5"]
[White "Jensen, Jens Peter"]
[Black "Hansen, Uwe"]
[Result "1/2-1/2"]
[WhiteElo "1651"]
[BlackElo "1308"]
[PlyCount "98"]
[EventDate "2016.04.12"]
[EventType "tourn"]
[EventRounds "5"]
[EventCountry "DEN"]
[SourceTitle "EXT 2023"]
[Source "ChessBase"]
[SourceDate "2022.10.05"]
[SourceVersion "1"]
[SourceVersionDate "2022.10.05"]
[SourceQuality "1"]

1. e4 e6 2. Nf3 d5 3. exd5 exd5 4. h3 Nf6 5. d3 Nc6 6. Be2 Be7 7. 0-0 0-0 8. a3 a6 9. Nh2 Be6 10. Be3 Bd6 11. f4 Qc8 12. Rf3 b6 13. c3 h6 14. Qf1 Ne7 15. Bd4 Bc5 16. Bxc5 bxc5 17. Nd2 Rb8 18. b3 Nf5 19. Qf2 d4 20. c4 Ne3 21. Nhf1 Nf5 22. g4 Ne7 23. f5 Bd7 24. Rg3 Re8 25. Ne4 Nxe4 26. dxe4 Nc6 27. Nd2 f6 28. h4 Ne5 29. g5 Kh7 30. gxh6 gxh6 31. Kh2 Re7 32. Rag1 Qh8 33. Bh5 Rf8 34. Bg6+ Nxg6 35. Rxg6 Be8 36. Qg3 Rd7 37. Qf4 Bxg6 38. Rxg6 Qg7 39. h5 Rg8 40. Qg3 Qf8 41. Kh3 Rdg7 42. Qf4 Rxg6 43. hxg6+ Kh8 44. Qxc7 Rg7 45. Qb6 a5 46. Qxa5 Qd6 47. Qa8+ Rg8 48. Qb7 Rg7 49. Qa8+ Rg8 1/2-1/2

[Event "Grenzturnering Basis 1516"]
[Site "Denmark"]
[Date "2016.05.03"]
[Round "8"]
[White "Jensen, Jens Peter"]
[Black "Sorensen, Helge"]
[Result "0-1"]
[WhiteElo "1341"]
[BlackElo "1577"]
[PlyCount "66"]
[EventDate "2015.10.20"]
[EventType "tourn"]
[EventRounds "9"]
[EventCountry "DEN"]
[SourceTitle "EXT 2023"]
[Source "ChessBase"]
[SourceDate "2022.10.05"]
[SourceVersion "1"]
[SourceVersionDate "2022.10.05"]
[SourceQuality "1"]

1. e4 c5 2. Bc4 e6 3. Nc3 a6 4. a4 Nc6 5. Nf3 Nf6 6. h3 d6 7. d3 Be7 8. Bd2 0-0 9. Qe2 Nb4 10. 0-0-0 Bd7 11. b3 b5 12. Kb2 bxc4 13. dxc4 Rb8 14. e5 dxe5 15. Nxe5 Qb6 16. Bf4 Rb7 17. g4 Bc6 18. Rhg1 Nd7 19. g5 Nxe5 20. Bxe5 Rd8 21. h4 Rbd7 22. Rxd7 Rxd7 23. f4 Qd8 24. Rd1 Rxd1 25. Nxd1 Bb7 26. Bc3 Nc6 27. Ne3 Nd4 28. Qd2 Be4 29. h5 Qd6 30. Qf2 Bd8 31. h6 Bc7 32. Bxd4 cxd4 33. hxg7 dxe3 0-1

[Event "Grenzturnering Basis 1516"]
[Site "Denmark"]
[Date "2015.12.08"]
[Round "3"]
[White "Moller, Carl Aage Vincent"]
[Black "Jensen, Jens Peter"]
[Result "0-1"]
[WhiteElo "1041"]
[BlackElo "1341"]
[PlyCount "42"]
[EventDate "2015.10.20"]
[EventType "tourn"]
[EventRounds "9"]
[EventCountry "DEN"]
[SourceTitle "EXT 2023"]
[Source "ChessBase"]
[SourceDate "2022.10.05"]
[SourceVersion "1"]
[SourceVersionDate "2022.10.05"]
[SourceQuality "1"]

1. d4 d5 2. e3 e6 3. Nc3 a6 4. a3 Be7 5. Nf3 Nc6 6. Bd2 Bf6 7. Bc1 Nge7 8. e4 e5 9. Be3 Bg4 10. Be2 0-0 11. h3 Bxf3 12. Bxf3 exd4 13. exd5 dxe3 14. dxc6 exf2+ 15. Kxf2 Bd4+ 16. Kf1 Nxc6 17. Ne2 Qf6 18. c3 Bb6 19. Ke1 Rad8 20. Qc2 Ne5 21. Bxb7 Qf2# 0-1

[Event "Logumkloster-chC"]
[Site "Logumkloster"]
[Date "2015.05.12"]
[Round "5"]
[White "Jensen, Jens Peter"]
[Black "Kristensen, Karl Martin"]
[Result "0-1"]
[WhiteElo "1307"]
[BlackElo "1409"]
[PlyCount "110"]
[EventDate "2015.04.07"]
[EventType "swiss"]
[EventRounds "5"]
[EventCountry "DEN"]
[SourceTitle "EXT 2023"]
[Source "ChessBase"]
[SourceDate "2022.10.05"]
[SourceVersion "1"]
[SourceVersionDate "2022.10.05"]
[SourceQuality "1"]

1. e4 e5 2. Bc4 Nf6 3. d3 Bc5 4. Nf3 0-0 5. Nxe5 d5 6. exd5 Re8 7. d4 Bg4 8. Qd3 Bxd4 9. Qxd4 Nc6 10. Qc3 Ne4 11. Qb3 Rxe5 12. 0-0 Nd4 13. Qa3 Nxc2 14. Qa4 Nxa1 15. Bf4 Qd6 16. Nc3 Nxc3 17. bxc3 Qe7 18. Bxe5 Qxe5 19. Rxa1 Qxc3 20. Rf1 a6 21. h3 Bf5 22. Qb3 Qxb3 23. Bxb3 Rd8 24. Re1 Bd7 25. Re3 Re8 26. Rc3 c6 27. Rf3 Re7 28. d6 Re1+ 29. Kh2 Be6 30. Rd3 Bd7 31. Rf3 Be8 32. Re3 Rxe3 33. fxe3 Kf8 34. Bc2 g6 35. e4 f6 36. Bd1 Bd7 37. Kg3 Kf7 38. Bb3+ Kf8 39. h4 h6 40. Kf4 b5 41. g4 g5+ 42. Kg3 a5 43. a4 c5 44. axb5 Bxb5 45. hxg5 hxg5 46. Kf3 c4 47. Bc2 a4 48. Ke3 a3 49. Bb1 c3 50. Ba2 Ke8 51. Bb3 Kd7 52. e5 fxe5 53. Ke4 Kxd6 54. Kf5 Bd3+ 55. Kxg5 c2 0-1

[Event "Grenzturnering-B 1415"]
[Site "Denmark"]
[Date "2015.04.24"]
[Round "7"]
[White "Jensen, Jens Peter"]
[Black "Kristensen, Karl Martin"]
[Result "1-0"]
[WhiteElo "1297"]
[BlackElo "1650"]
[PlyCount "83"]
[EventDate "2014.09.23"]
[EventType "swiss"]
[EventRounds "7"]
[EventCountry "DEN"]
[SourceTitle "EXT 2023"]
[Source "ChessBase"]
[SourceDate "2022.10.05"]
[SourceVersion "1"]
[SourceVersionDate "2022.10.05"]
[SourceQuality "1"]

1. e4 e5 2. Bc4 Nf6 3. d3 Bc5 4. Nf3 0-0 5. Nxe5 d5 6. exd5 Re8 7. Bf4 Bd4 8. Qe2 Qd6 9. c3 Bxe5 10. Be3 b5 11. Bxb5 Qxd5 12. Bxe8 Qxg2 13. Bxf7+ Kxf7 14. Qf1 Qf3 15. Nd2 Qh5 16. f3 Nc6 17. 0-0-0 a5 18. f4 Bd6 19. Nc4 Be6 20. Nxd6+ cxd6 21. Kb1 a4 22. Bd4 Rb8 23. Bxf6 Kxf6 24. Qf2 Kf7 25. Rhf1 Kg8 26. Rg1 Qf7 27. c4 d5 28. Qc5 Qf6 29. Rg2 Bf7 30. Rdg1 g6 31. h4 Nb4 32. Qc7 Rb6 33. c5 Rb5 34. h5 Nxd3 35. b3 Kg7 36. Qd6 Qf5 37. Ka1 Rxc5 38. Rh1 Rc1+ 39. Rxc1 Nxc1 40. h6+ Kxh6 41. Qf8+ Kh5 42. Rg5+ 1-0

[Event "Logumkloster-chC"]
[Site "Logumkloster"]
[Date "2015.04.07"]
[Round "1"]
[White "Madsen, Nis H"]
[Black "Jensen, Jens Peter"]
[Result "0-1"]
[WhiteElo "1411"]
[BlackElo "1307"]
[PlyCount "104"]
[EventDate "2015.04.07"]
[EventType "swiss"]
[EventRounds "5"]
[EventCountry "DEN"]
[SourceTitle "EXT 2023"]
[Source "ChessBase"]
[SourceDate "2022.10.05"]
[SourceVersion "1"]
[SourceVersionDate "2022.10.05"]
[SourceQuality "1"]

1. e4 e5 2. Nf3 d6 3. Bc4 Be7 4. Nc3 c6 5. h3 Nf6 6. d4 exd4 7. Nxd4 0-0 8. Bg5 h6 9. Bf4 a6 10. 0-0 b5 11. Bd3 c5 12. Nf3 Nh5 13. Qd2 Bb7 14. Nd5 c4 15. Be2 Bxd5 16. exd5 Nxf4 17. Qxf4 Nd7 18. Nd4 Ne5 19. Qg3 Bf6 20. c3 Bh4 21. Qf4 Bf6 22. Qg3 Bh4 23. Qh2 Bf6 24. f4 Nd3 25. Bxd3 Qb6 26. Be2 Bxd4+ 27. cxd4 Qxd4+ 28. Kh1 Qxb2 29. Bf3 Rfe8 30. f5 Rad8 31. Qf4 Re5 32. f6 Rg5 33. fxg7 Kxg7 34. Qe4 Qe5 35. Qh4 Qc3 36. Rae1 Qd3 37. Be4 Qd2 38. a3 Qc3 39. Rf3 Qb2 40. Qf2 Qxf2 41. Rxf2 Re5 42. Rfe2 Rde8 43. Bf3 Kf6 44. Kg1 Rxe2 45. Bxe2 Re3 46. Rf1+ Kg6 47. Bg4 Rxa3 48. Bd7 c3 49. Bf5+ Kg5 50. Bc2 Ra2 51. Rf5+ Kg6 52. Rf3+ Rxc2 0-1

[Event "Tonder Byturnering B"]
[Site "Tonder"]
[Date "2015.??.??"]
[Round "2"]
[White "Jensen, Jens Peter"]
[Black "Heremec, Adis"]
[Result "0-1"]
[WhiteElo "1341"]
[BlackElo "1257"]
[PlyCount "50"]
[EventDate "2015.??.??"]
[EventType "swiss"]
[EventRounds "4"]
[EventCountry "DEN"]
[SourceTitle "EXT 2024"]
[Source "ChessBase"]
[SourceDate "2023.10.10"]
[SourceVersion "1"]
[SourceVersionDate "2023.10.10"]
[SourceQuality "1"]

1. e4 e5 2. Bc4 Nc6 3. a3 Nf6 4. d3 h6 5. Nc3 Be7 6. Be3 d6 7. h3 0-0 8. Qd2 Be6 9. Bxe6 fxe6 10. f4 exf4 11. Bxf4 Nh5 12. Nge2 Bh4+ 13. g3 e5 14. 0-0-0 exf4 15. gxh4 Qxh4 16. Nd5 Rac8 17. Rdg1 f3 18. Qxh6 fxe2 19. Rxg7+ Nxg7 20. Qxh4 Rf1+ 21. Rxf1 exf1Q+ 22. Kd2 Rf8 23. Kc3 Qg1 24. Nxc7 Qc5+ 25. Kb3 Na5+ 0-1

[Event "Tonder Byturnering B"]
[Site "Tonder"]
[Date "2015.??.??"]
[Round "4"]
[White "Jensen, Jens Peter"]
[Black "Skov, Sejer"]
[Result "1-0"]
[WhiteElo "1341"]
[BlackElo "1000"]
[PlyCount "57"]
[EventDate "2015.??.??"]
[EventType "swiss"]
[EventRounds "4"]
[EventCountry "DEN"]
[SourceTitle "EXT 2024"]
[Source "ChessBase"]
[SourceDate "2023.10.10"]
[SourceVersion "1"]
[SourceVersionDate "2023.10.10"]
[SourceQuality "1"]

1. e4 c5 2. Bc4 e5 3. Nf3 Nc6 4. a3 Nf6 5. Nc3 Be7 6. d3 0-0 7. 0-0 d6 8. h3 Nd4 9. Nxd4 cxd4 10. Nd5 Nxd5 11. Bxd5 Rb8 12. f4 g6 13. f5 gxf5 14. Bh6 f4 15. Qh5 Be6 16. Bxe6 fxe6 17. Bxf8 Qxf8 18. Qg4+ Kf7 19. Qh5+ Kg8 20. Rf3 Bf6 21. g3 fxg3 22. Rxg3+ Bg7 23. Rf1 Qe7 24. Rg4 h6 25. Qxh6 Rf8 26. Qd2 Rf6 27. Qg5 Qf7 28. Rxf6 Qxf6 29. Qxf6 1-0

[Event "Tonder Byturnering B"]
[Site "Tonder"]
[Date "2015.??.??"]
[Round "3"]
[White "Zombick, Rolf"]
[Black "Jensen, Jens Peter"]
[Result "0-1"]
[WhiteElo "1000"]
[BlackElo "1341"]
[PlyCount "53"]
[EventDate "2015.??.??"]
[EventType "swiss"]
[EventRounds "4"]
[EventCountry "DEN"]
[SourceTitle "EXT 2024"]
[Source "ChessBase"]
[SourceDate "2023.10.10"]
[SourceVersion "1"]
[SourceVersionDate "2023.10.10"]
[SourceQuality "1"]

1. c4 e6 2. Nc3 a6 3. a3 Be7 4. Nf3 Nc6 5. e3 Nf6 6. Be2 h6 7. d4 d5 8. c5 0-0 9. Bd2 b6 10. b4 bxc5 11. bxc5 Nh7 12. Bd3 Ng5 13. 0-0 Bf6 14. Qa4 Nxf3+ 15. gxf3 Ne7 16. Ne2 Bd7 17. Qc2 e5 18. Kh1 exd4 19. exd4 Nc6 20. Rg1 Kh8 21. Nf4 Bxd4 22. Be3 Qf6 23. Nh5 Qxf3+ 24. Rg2 Qxh5 25. Rag1 Qf3 26. Qe2 Bxe3 27. Qxe3 0-1

[Event "Grenzturnering 1314"]
[Site "Denmark"]
[Date "2014.04.29"]
[Round "7"]
[White "Jensen, Jens Peter"]
[Black "Svendsen, Gunnar Lind Hasse"]
[Result "0-1"]
[WhiteElo "1317"]
[BlackElo "1516"]
[PlyCount "94"]
[EventDate "2013.09.24"]
[EventType "swiss"]
[EventRounds "7"]
[EventCountry "DEN"]
[SourceTitle "EXT 2023"]
[Source "ChessBase"]
[SourceDate "2022.10.05"]
[SourceVersion "1"]
[SourceVersionDate "2022.10.05"]
[SourceQuality "1"]

1. e4 c5 2. Bc4 d6 3. Nc3 Nf6 4. d3 e6 5. Nf3 Nc6 6. a3 h6 7. h3 Be7 8. Bb5 Bd7 9. 0-0 a6 10. Ba4 b5 11. Bb3 0-0 12. Be3 Qc7 13. Nh2 b4 14. Ne2 Rfb8 15. f4 Na5 16. Ba2 bxa3 17. bxa3 Nh7 18. Ng4 h5 19. Nh2 Bf6 20. d4 cxd4 21. Bxd4 Bb5 22. Rf2 Bxd4 23. Nxd4 Qc5 24. Nxb5 Rxb5 25. Kf1 Nf6 26. Qd3 Rb2 27. Nf3 Qc6 28. e5 Ne4 29. Nd4 Nxf2 30. Kxf2 Qb6 31. Kg3 dxe5 32. fxe5 Rd8 33. c3 Nc6 34. Qe4 Nxd4 35. cxd4 Qxd4 36. Qe1 Qd2 37. Qg1 Rxa2 38. Rxa2 Qxa2 39. Qc5 Qd5 40. Qc7 Qa8 41. Kh4 g6 42. g3 Qb8 43. Qe7 Rd4+ 44. g4 hxg4 45. Qf6 Qd8 46. hxg4 Qxf6+ 47. exf6 Ra4 0-1

[Event "Grenzturnering 1314"]
[Site "Denmark"]
[Date "2013.10.10"]
[Round "2"]
[White "Schmidt, Holger"]
[Black "Jensen, Jens Peter"]
[Result "1-0"]
[WhiteElo "1360"]
[BlackElo "1317"]
[PlyCount "133"]
[EventDate "2013.09.24"]
[EventType "swiss"]
[EventRounds "7"]
[EventCountry "DEN"]
[SourceTitle "EXT 2023"]
[Source "ChessBase"]
[SourceDate "2022.10.05"]
[SourceVersion "1"]
[SourceVersionDate "2022.10.05"]
[SourceQuality "1"]

1. d4 d5 2. Bf4 e6 3. e3 Bd6 4. Qf3 Nf6 5. Bd3 h6 6. Nd2 a6 7. c3 0-0 8. e4 Bxf4 9. Qxf4 dxe4 10. Nxe4 Nxe4 11. Bxe4 Nd7 12. Nf3 Nf6 13. 0-0 Nxe4 14. Qxe4 f6 15. Rfe1 f5 16. Qe2 Bd7 17. Ne5 b5 18. Nxd7 Qxd7 19. Qxe6+ Qf7 20. a3 Kh7 21. Qxf7 Rxf7 22. Re5 Rc8 23. Rae1 c6 24. f4 a5 25. Rc5 Rf6 26. Ree5 Kg6 27. d5 Rd6 28. dxc6 Rcxc6 29. Rxb5 Rd1+ 30. Kf2 Rcd6 31. Re2 Ra6 32. Rbe5 Rdd6 33. Rb5 Kf6 34. b4 axb4 35. axb4 Ra3 36. Rc5 Rd3 37. Rc6+ Kf7 38. Rc2 Rb3 39. Rc5 Kg6 40. b5 Rb1 41. Rc6+ Kh5 42. c4 Rdd1 43. b6 g5 44. fxg5 Rf1+ 45. Ke2 hxg5 46. Kd3 Kg4 47. c5 f4 48. Rc7 Rb4 49. Re7 Rfb1 50. Ree2 R1b3+ 51. Rc3 Rb1 52. Rec2 f3 53. gxf3+ Kxf3 54. Kd2+ Kf2 55. c6 Rxb6 56. c7 Rd6+ 57. Rd3 Rxd3+ 58. Kxd3+ Kg1 59. c8Q Rb3+ 60. Kd2 Kxh2 61. Qc7+ Kh3 62. Rc3+ Rxc3 63. Qxc3+ Kh4 64. Ke2 g4 65. Kf2 Kg5 66. Kg3 Kf5 67. Qd4 1-0

[Event "Logumkloster-chB"]
[Site "Logumkloster"]
[Date "2013.05.14"]
[Round "5"]
[White "Jorgensen, Arne Juul"]
[Black "Jensen, Jens Peter"]
[Result "0-1"]
[WhiteElo "1050"]
[BlackElo "1281"]
[PlyCount "108"]
[EventDate "2013.04.09"]
[EventType "swiss"]
[EventRounds "5"]
[EventCountry "DEN"]
[SourceTitle "EXT 2023"]
[Source "ChessBase"]
[SourceDate "2022.10.05"]
[SourceVersion "1"]
[SourceVersionDate "2022.10.05"]
[SourceQuality "1"]

1. c4 c5 2. Nc3 e6 3. b3 Be7 4. Bb2 Nf6 5. d3 Nc6 6. e3 0-0 7. Be2 a6 8. Bf3 Ne5 9. Nge2 Nxf3+ 10. gxf3 b6 11. e4 Bb7 12. Ng3 d5 13. e5 Nd7 14. Qe2 Qc7 15. Nd1 d4 16. 0-0 Nxe5 17. f4 Nf3+ 18. Kg2 Qxf4 19. Bc1 Qh4 20. h3 Ng5+ 21. f3 Qxh3+ 22. Kf2 Qh2+ 23. Ke1 Qxg3+ 24. Kd2 Nxf3+ 25. Kc2 Bh4 26. Rf2 Ng1 27. Qf1 Qg6 28. Rh2 Bf6 29. Bd2 Be5 30. Rf2 f5 31. Nb2 Nf3 32. Rxf3 Bxf3 33. Qxf3 Rab8 34. Rf1 f4 35. Rf2 Rf5 36. Re2 Bd6 37. Qc6 e5 38. Qf3 Qg3 39. Qe4 f3 40. Be1 Qf4 41. Qxf4 Rxf4 42. Rf2 Rbf8 43. Bd2 Rg4 44. Be1 Rg2 45. Nd1 b5 46. Bd2 bxc4 47. bxc4 h5 48. Rf1 h4 49. Nf2 Be7 50. Be1 h3 51. Kc1 Bg5+ 52. Kd1 h2 53. Rh1 Rb8 54. Kc2 Be3 0-1

[Event "Logumkloster-chB"]
[Site "Logumkloster"]
[Date "2013.04.30"]
[Round "3"]
[White "Jensen, Jens Peter"]
[Black "Madsen, Nis H"]
[Result "0-1"]
[WhiteElo "1281"]
[BlackElo "1508"]
[PlyCount "90"]
[EventDate "2013.04.09"]
[EventType "swiss"]
[EventRounds "5"]
[EventCountry "DEN"]
[SourceTitle "EXT 2023"]
[Source "ChessBase"]
[SourceDate "2022.10.05"]
[SourceVersion "1"]
[SourceVersionDate "2022.10.05"]
[SourceQuality "1"]

1. e4 e5 2. Bc4 Bc5 3. Nc3 Nf6 4. d3 d6 5. h3 a6 6. a4 c6 7. Bg5 0-0 8. Nf3 Nbd7 9. 0-0 Qb6 10. Bb3 a5 11. Qc1 Qc7 12. Be3 Qb6 13. Qd2 Qc7 14. Ng5 Rb8 15. Qe2 b6 16. f4 Bxe3+ 17. Qxe3 b5 18. fxe5 dxe5 19. Rf2 b4 20. Ne2 h6 21. Nf3 c5 22. Nh4 Ba6 23. Nf5 Kh7 24. Qg3 Nh5 25. Qh4 Ndf6 26. Nxh6 Kxh6 27. Rf5 g6 28. Rxf6 c4 29. Rxa6 cxb3 30. cxb3 Kg7 31. Rc1 Qb7 32. Rac6 Qa7+ 33. Qf2 Qd7 34. g4 Nf4 35. Nxf4 exf4 36. Qxf4 Qxd3 37. Qe5+ Kg8 38. Qd5 Qg3+ 39. Kf1 Qxh3+ 40. Kf2 Qxg4 41. Ke1 Rbd8 42. Qc4 Rfe8 43. Kf1 Rxe4 44. Qb5 Rf4+ 45. Ke1 Qg1+ 0-1